Swissaid

Sparad:
Bibliografiska uppgifter
Institutionell upphovsman: Rapport d'Activité pour l'Année
Materialtyp: Bok
Språk:Undetermined
Publicerad: Suisse Rapport d'activité pour l'année 1971
Ämnen:
Taggar: Lägg till en tagg
Inga taggar, Lägg till första taggen!
Thư viện lưu trữ: Trung tâm Học liệu Trường Đại học Cần Thơ
LEADER 00511nam a2200181Ia 4500
001 CTU_98697
008 210402s9999 xx 000 0 und d
082 |a 338.9 
082 |b R221 
110 |a Rapport d'Activité pour l'Année 
245 0 |a Swissaid 
245 0 |c Rapport d'Activité pour l'Année 
260 |a Suisse 
260 |b Rapport d'activité pour l'année 
260 |c 1971 
650 |a Developing countries 
904 |i Giang 
980 |a Trung tâm Học liệu Trường Đại học Cần Thơ